000 00697cam a22002172 4500
001 0000021558
005 20151217152236.0
008 120720s xx 000 0 eng d
020 _a0830837052 :
040 _aKABU
_cKABU
100 1 _aOden, Thomas C.
_@0000182471
245 1 0 _aHow Africa shaped the christian mind :
_brediscovering the African seedbed of western christianity /
_cThomas C. Oden.
250 _a1st ed.
260 _aIllinois :
_bIVP books,
_c2007.
300 _a204 p.
610 2 0 _aAfrica
_xChurch history.
_@0000170348
650 0 _aChristianity
_zAfrica.
_@0000148854
852 1 _9p900 KES
908 _a120720
950 _@1
999 _c9723
_d9723